Esquema del pensamiento francés en la postguerra

Spremljeno u:
Bibliografski detalji
Glavni autor: Roger, Juan (Autor)
Format: Knjiga
Jezik:španjolski
Izdano: Madrid, España Departamento Internacional de Culturas Modernas 1950
Teme:
Oznake: Dodaj oznaku
Bez oznaka, Budi prvi tko označuje ovaj zapis!

MARC

LEADER 00000nam a2200000 a 4500
001 UCO0849
003 CL-VaPUC
005 20240410112655.0
008 000428e19500000SP |||||||||||||||||spa|d
999 |c 287495  |d 287493 
040 |c Pontificia Universidad Católica de Valparaíso 
082 0 4 |a 944.08 ROG 1950  |2 21 
100 0 |a Roger, Juan  |e author  |9 442418 
245 1 0 |a Esquema del pensamiento francés en la postguerra 
260 |a Madrid, España  |b Departamento Internacional de Culturas Modernas  |c 1950 
300 |a 282 páginas 
583 |a last modification  |c 20000428 00:00:00  |k Rodrigo Vera 
650 0 |a Historia de Francia  |9 336927 
650 0 |a Historia contemporánea  |9 343224 
650 0 |a Posguerra  |z FRANCIA  |9 372262 
650 0 |a Arte francés  |9 345069 
650 0 |a Literatura francesa  |9 266330 
650 0 |a Filosofía   |9 223554 
942 |c BK  |2 ddc 
945 |d 20000428 00:00:00  |a rherrera 
952 |0 0  |1 0  |2 ddc  |4 0  |6 944_080000000000000_ROG_1950  |7 0  |8 A  |9 334375  |a BIBHIS  |b BIBHIS  |d 2019-11-20  |i 1267094  |o 944.08 ROG 1950  |p 1267094  |r 2025-01-20  |t 1  |w 2019-11-20  |y BK  |k HIS